=LDR 00000nam 2200000 4500 =001 INLIS000000000043171 =005 20131008102232 =008 ***********************************Ind** =035 ##$$a0010-101300000001093 =041 ##$$a Ind =082 ##$$a 370.152 3 =090 ##$$a 370.152 3, Sam r =100 ##$$a Samplis, Bob =245 ##$$a Revolusi Belajar Untuk Anak, Panduan belajar sambil bermain untuk membuka pikiran anak-anak anda, Bob Samplis =260 ##$$a 2002 $b bandung =300 ##$$a 252 hlm, 23 cm =650 ##$$a Psikologi Belajar =700 ##$$a Astuti Rahmani (penerjemah) =850 ##$$a NBPNMAT =990 ##$$a 21196493/BPAP-NTB/2014